Насколько хорошо ты помнишь «Мастера и Маргариту»? - Statistics

General Stats
  • This quiz has been taken 167 times
  • The average score is 6 of 18
Answer Stats
Вопрос Ответ % Correct
Сколько приближенных было в свите Воланда? Четыре
96%
В какое время года познакомились Мастер и Маргарита? Весной
83%
Как звали девушку, разлившую масло, на котором поскользнулся Берлиоз? Аннушка
79%
Кем была Маргарита на балу у Воланда? Королевой
67%
Какое происхождение было у Воланда? Немец
55%
Сколько лет Маргарите в романе "Мастер и Маргарита"? {30} лет
49%
Какое прозвище было у бродячего философа Иешуа? Га Ноцри
38%
У Булгакова был любимец по кличке Бегемот — тезка громадного четвероногого животного из свиты Воланда. Кто именно? Пёс
31%
Помнишь номер нехорошей квартиры? 50
29%
Какие цветы любит Мастер? Розы
28%
Прокуратором какой местности является Понтий Пилат? Иудея
28%
Кто написал донос на Мастера за его роман? Алоизий Могарыч
13%
Кто дирижировал оркестром на балу у сатаны? Иоганн Штраус
11%
На чем Маргарита летала над Москвой? На {щётке}
9%
С какой улицы повернула Маргарита в первую встречу с Мастером? С {Тверской}
9%
Как зовут директора клиники для душевнобольных, куда попадают герои романа? Стравинский
9%
Настоящая фамилия поэта Ивана Бездомного… Понырев
4%
Каким было последнее слово, сказанное Мастером? Прощайте
3%
No matching quizzes found
Score Distribution
Percent of People with Each Score
Percentile by Number Answered
Your Score History
You have not taken this quiz